<?xml version="1.0" encoding="UTF-8"?>
<record
    xmlns:xsi="http://www.w3.org/2001/XMLSchema-instance"
    xsi:schemaLocation="http://www.loc.gov/MARC21/slim http://www.loc.gov/standards/marcxml/schema/MARC21slim.xsd"
    xmlns="http://www.loc.gov/MARC21/slim">

  <leader>01244nam a22001817a 4500</leader>
  <controlfield tag="008">120801t        xxu||||| |||| 00| 0 eng d</controlfield>
  <datafield tag="020" ind1=" " ind2=" ">
    <subfield code="a">0-07-2133643</subfield>
  </datafield>
  <datafield tag="050" ind1=" " ind2=" ">
    <subfield code="a">TK5105.8885.M53 P72</subfield>
  </datafield>
  <datafield tag="100" ind1=" " ind2=" ">
    <subfield code="a">Plotkin, David</subfield>
  </datafield>
  <datafield tag="245" ind1=" " ind2=" ">
    <subfield code="a">How to do everything with Frontpage 2002. /</subfield>
    <subfield code="c">David Plotkin</subfield>
  </datafield>
  <datafield tag="260" ind1=" " ind2=" ">
    <subfield code="a">New York:</subfield>
    <subfield code="b">Mcgraw-hill,</subfield>
    <subfield code="c">2002.</subfield>
  </datafield>
  <datafield tag="300" ind1=" " ind2=" ">
    <subfield code="a">xxii,633 p.:</subfield>
    <subfield code="b">ill.;</subfield>
    <subfield code="c">24cm.</subfield>
  </datafield>
  <datafield tag="500" ind1=" " ind2=" ">
    <subfield code="a">Index</subfield>
  </datafield>
  <datafield tag="505" ind1=" " ind2=" ">
    <subfield code="a">Contents: Build web pages -- Navigate in frontpage --Build a new web page -- Add graphics and sound to your web page -- Add shapes and photos -- Format the page -- Work with tables -- Build web sites -- Build hyperlinks -- Build shared borders and link bars -- Collect data with forms -- Build a frames page -- Advances web tools -- Use positioning and dynamic HTML -- Set page options and web settings -- Use java apples and activeX controls -- Manage your web site with tasks and reports -- Publish your web site -- Database intergration and advanced formatting -- Route form results to a database -- Present database contents using the database results wizard -- Build a database web site using the database interface wizard template.</subfield>
  </datafield>
  <datafield tag="650" ind1=" " ind2=" ">
    <subfield code="a">Microsoft FrontPage. </subfield>
  </datafield>
  <datafield tag="650" ind1=" " ind2=" ">
    <subfield code="a">Web sites -- Design.  </subfield>
  </datafield>
  <datafield tag="942" ind1=" " ind2=" ">
    <subfield code="2">lcc</subfield>
    <subfield code="c">BK</subfield>
  </datafield>
  <datafield tag="999" ind1=" " ind2=" ">
    <subfield code="c">1897</subfield>
    <subfield code="d">9397</subfield>
  </datafield>
  <datafield tag="952" ind1=" " ind2=" ">
    <subfield code="0">0</subfield>
    <subfield code="1">0</subfield>
    <subfield code="2">lcc</subfield>
    <subfield code="4">0</subfield>
    <subfield code="7">0</subfield>
    <subfield code="a">WIUC-1</subfield>
    <subfield code="b">WIUC-1</subfield>
    <subfield code="c">GEN</subfield>
    <subfield code="d">2012-08-01</subfield>
    <subfield code="l">0</subfield>
    <subfield code="o">TK5105.8885.M53 P72</subfield>
    <subfield code="p">5612/12</subfield>
    <subfield code="r">2012-08-01 00:00:00</subfield>
    <subfield code="t">1</subfield>
    <subfield code="w">2012-08-01</subfield>
    <subfield code="y">BK</subfield>
  </datafield>
</record>
